000 00530nam a2200193Ia 4500
008 151121s9999||||xx |||||||||||||| ||und||
082 _a312/BEV
082 _bHNW-2327
100 _aBeveridge William
245 _aBlockade And the Civilian Population
260 _bOxford At The Clarendon Pressą„¤
260 _c--
300 _a31
600 _aBeveridge William
630 _aBlockade And the Civilian Population
700 _aBeveridge William
730 _aBlockade And the Civilian Population
942 _cBOOK
999 _c1211224
_d1211221